| 000 | 00640nam a2200205Ia 4500 | ||
|---|---|---|---|
| 001 | 13128 | ||
| 003 | GE_BSU | ||
| 008 | 181216s||||||||xx |||||||||||||| ||und|| | ||
| 040 | _cGE_BSU | ||
| 080 | _a631.4 | ||
| 100 | _aВильямс,В.Р. | ||
| 245 | _aИзбранные сочиненият.т.1. Работы по почвоведению(1898-1931).Основы почвоведения | ||
| 260 | _aМосква | ||
| 260 | _bИзд-во АНСССР | ||
| 260 | _c1950 | ||
| 300 | _a790стр.22см.фото | ||
| 653 | _aОсновы почвоведения | ||
| 653 | _aСобрание сочинении | ||
| 942 | _cBK | ||
| 999 |
_c46292 _d46292 |
||